| 000 | 00813nam a2200217Ia 4500 | ||
|---|---|---|---|
| 003 | IT-RoPAU | ||
| 005 | 20220918175913.0 | ||
| 008 | 120407s9999 xx 000 0 und d | ||
| 040 |
_aIT-RoPAU _c20130320093233.0 |
||
| 040 | _cIT-RoPAU | ||
| 041 | _aita | ||
| 100 |
_aCapitolo Speciale Generale - Prima Sessione _9463 |
||
| 245 |
_aIl Governo e l’amministrazione. _bQuinta Commissione |
||
| 250 | _a1° ed | ||
| 260 |
_aRoma _bPSSP (Ad uso manoscritto) _c1969 |
||
| 300 |
_a55 p. _c26 cm |
||
| 490 |
_v5 Vol. _aEP |
||
| 520 | _aSommario generale 1 Capitolo primo L'autorità nella vita religiosa (nn. 1.1.1.-1.4.19) Capitolo secondo Strutture di governo a tutti i livelli (nn. 2.1.1.-2.19.8) Capitolo terzo Ammministrazione dei beni materiali (nn. 3.1.1.-3.20.5) | ||
| 942 |
_cBK _2ddc |
||
| 999 |
_c35675 _d35675 |
||